1018 1668 1915 1348 1878 1857 1614 1809 1939 1838 1066 1796 1173 1137 1779 1875 1258 1182 1102 1885 1498 1493 1657 1618 1061 1775 1356 1895 1198 1835 1540 1774 1250 1971 1486 1333 1596 1095 1129 1849 1169 1318 1194 1054 1245 1370 1597 1584 1099 1200 1410 1570 1360 1259 1379 1680 1732 1073 1210 1318 1015 1242 1832 1460 1381 1518 1193 1798 1753 1043 1164 1681 1721 1822 1882 1387 1829 1510 1455 1592 1630 1627 1197 1376 1482 1082 1142 1543 1518 1795 1505 1298 1812 1995 1779 1102 1696 1232 1155 BCNSPRNW ULIB Ver.6.0+V

เปลี่ยนเป็นภาษาไทย

Change to English
 แสดงรายละเอียดบรรณานุกรม
  กลับหน้าหลัก

Brief Record : Get Marc (ISO 2709) : E-mail record : QR code < ปิดหน้าต่าง
LEADER : 00000nam 2200000uu 4500
001    13399108207
003     ULIB
008    110221s2549||||th 000 0 tha d
020    9749508831
060 04 WC528^bศ666ข 2549
245 00 ไข้เลือดออกเด็งกี่:^bไวรัสวิทยาพยาธิกำเนิดจากกลไกภูมิคุ้มกันการวินิจฉัยการดูแลรักษาวัคซีนการป้องกันและควบคุม /^cกนกทิพย์ ทิพย์รัตน์... [และคนอื่นๆ]บรรณาธิการ ; ศุขธิดา อุบล, จันทพงษ์ วะสี
250    พิมพ์ครั้งที่1
260    กรุงเทพฯ :^bสำนักพิมพ์หมอชาวบ้าน,^c2549
300    272 หน้า :^bภาพประกอบ ;^c26 ซม
650  7 ไข้เลือดออก
650  7 เดนกิว, ไวรัส
650  7 เด็งกี, ไวรัส
700 0  กนกทิพย์ ทิพย์รัตน์
700 0  ศุขธิดา อุบล
700 0  จันทพงษ์ วะสี
945    ^p350^l0^i019632
945    ^p350^l0^i019631
995    ทศพร
999 ^a ใช้งานได้ทุกระบบ
รายการนี้ยังไม่มีแท็ก
คุณยังไม่ได้ล็อกอิน คุณสามารถมีกิจกรรมร่วมกับเว็บไซต์ได้ แต่ต้องล็อกอินก่อน ::
  ล็อกอิน

รายการสื่อสารสนเทศ

ลำดับที่ ประเภท เลขเรียก/บาร์โค้ด สถานที่ สถานะ
- ไม่พบข้อมูล -

รายการใกล้เคียง
    หัวเรื่อง [ไข้เลือดออก]
    หัวเรื่อง [เดนกิว, ไวรัส]
    หัวเรื่อง [เด็งกี, ไวรัส]

BibComment


ยังไม่เคยถูกคอมเมนท์

คอมเมนท์ทรัพยากรรายการนี้
  คอมเมนท์: ไข้เลือดออกเด็งกี..


 Copyright 2026. Bcnsprnw @Library